000 00396nam a2200169Ia 4500
008 230711s9999||||xx |||||||||||||| ||und||
020 _a978-93-317-0536-0
041 _aENG
082 _a624
_bNA-C
100 _aNeville,A.M
245 0 _aConcrete technology
250 _aR/23 Ed.
260 _c2017
_aNew Delhi
_bPearson
650 _aCivil Engineering
700 _aBrooks,J.J
942 _cBK
999 _c3841
_d3841